000 00612nam a2200205Ii 4500
003 JO-AjNU
008 230606s9999||||xx |||||||||||||| ||und||
020 _a0-19-567684-X
040 _aJO-AjNU
_beng
_erda
_cJO-AjNU
041 _aeng
050 1 4 _aQA76.5.2010
100 3 _aGHOSH,Manas/Dey,pradip,
_eauthor
_9657
245 0 0 _aComputer Fundamentals and programming in c
264 3 1 _aOXFORD UNIVERSITY PRESS:2010
300 _a816p
336 _atext
_btxt
_2rdacontent
337 _aunmediated
_bn
_2rdamedia
338 _avolume
_bnc
_2rdacarrier
650 4 _aComputer Fundamentals and programming in c
_9658
999 _aE347
_c347
_d347